| 000 | 00993cam a22003013a 4500 | ||
|---|---|---|---|
| 001 | 16409563 | ||
| 003 | PILC | ||
| 005 | 20150903085013.0 | ||
| 008 | 940806s1994 nyu 000 1 eng d | ||
| 010 | _a 97817330 | ||
| 020 |
_a006108185X (pbk.) : _c$5.50 |
||
| 035 | _a(OCoLC)ocm30891258 | ||
| 040 |
_aIMD _cIMD _dSVP _dSLC _dOCL _dOCLCQ _dDLC |
||
| 050 |
_aPZ 7 _b.M171 1994 |
||
| 100 | 1 | _aMacomber, Debbie. | |
| 245 | 1 | 0 |
_aOne night / _cDebbie Macomber. |
| 260 |
_aNew York : _bHarperPaperbacks, _c1994. |
||
| 300 |
_a319 pages ; _c18 cm. |
||
| 500 | _a"Harper monogram." | ||
| 650 | 0 |
_aWomen broadcasters _zMissouri _zKansas City _vFiction. |
|
| 650 | 0 |
_aWomen broadcasters _zKansas _zKansas City _vFiction. |
|
| 651 | 0 |
_aKansas City (Mo.) _vFiction. |
|
| 651 | 0 |
_aKansas City (Kan.) _vFiction. |
|
| 655 | 7 |
_aLove stories. _2gsafd |
|
| 710 | 2 |
_aCopyright Paperback Collection (Library of Congress) _5DLC |
|
| 906 |
_a7 _bcbc _ccopycat _d2 _encip _f19 _gy-genrareb |
||
| 942 |
_2lcc _cBK _kFOR |
||
| 999 |
_c288585 _d288585 |
||